书目信息 |
| 题名: |
海峡
|
|
| 作者: | 李长久 , 卢云亭 编著 | |
| 分册: | ||
| 出版信息: | 北京 海洋出版社 1980 |
|
| 页数: | 215页 | |
| 开本: | 19cm | |
| 丛书名: | 海洋知识丛书 | |
| 单 册: | ||
| 中图分类: | P72 | |
| 科图分类: | ||
| 主题词: | 海洋学--区域 | |
| 电子资源: | ||
| ISBN: | ||
| 000 | 00700nam2 2200277 45 | |
| 001 | 0180008755 | |
| 005 | 20040910081915.4 | |
| 010 | @dCNY0.50 | |
| 091 | @a12193.0043 | |
| 100 | @a19950525d1980 em y0chiy0121 ea | |
| 101 | 0 | @achi |
| 102 | @aCN@b110000 | |
| 105 | @ay z 000yy | |
| 106 | @ar | |
| 200 | 10 | @a海峡@Ahai xia@f李长久,卢云亭编著 |
| 210 | @a北京@c海洋出版社@d1980 | |
| 215 | @a215页@d19cm | |
| 225 | 2 | @a海洋知识丛书 |
| 410 | 0 | @120010@a海洋知识丛书 |
| 606 | 0 | @a海洋学@x区域 |
| 690 | @aP72 | |
| 701 | 0 | @a李长久@Ali chang jiu@4编著 |
| 701 | 0 | @a卢云亭@Alu yun ting@4编著 |
| 801 | 0 | @aCN@b上海图书馆@c20040910 |
| 801 | 2 | @aCN@bNLC@c20040910 |
| 905 | @f1@b34476@dP72@e5 | |
| 海峡/李长久,卢云亭编著.-北京:海洋出版社,1980 |
| 215页;19cm.-(海洋知识丛书) |
| ISBN :CNY0.50 |
| ● |
| 相关链接 |
|
|
|
|
正题名:海峡
索取号:P72/5
 
预约/预借
| 序号 | 登录号 | 条形码 | 馆藏地/架位号 | 状态 | 备注 |
| 1 | 0034476 | 001951490 | 第三借阅区/ [索取号:P72/5] | 在馆 | |
| 2 | 0034477 | 000624836 | 第二样本阅览室/ [索取号:P72/5] | 在馆 |